Controle das organizações sociais / (Record no. 907)

MARC details
000 -LÍDER
Campo Fixo de Controle 00879nam a2200277 a 4500
001 - NÚMERO DE CONTROLE
Campo de Controle 907
003 - IDENTIFICAÇÃO DO NÚMERO DE CONTROLE
Campo de Controle BR-CuiBMT
005 - DATA E HORA DA ÚLTIMA ATUALIZAÇÃO
Campo de Controle 20231212155426.0
008 - DADOS FIXOS
Dados Fixos 231122s2007 mgb 001 0 por d
020 ## - INTERNATIONAL STANDARD BOOK NUMBER
Nº do ISBN 9788577000524
040 ## - AGÊNCIA CATALOGADORA
Código da Agência Catalogadora BR-CuiBMT
Agência que transcreveu o registro BR-CuiBMT
080 ## - Nº DA CLASSIFICAÇÃO DECIMAL UNIVERSAL
Nº Class. CDU 347.191
Nº edição CDU 2007
090 ## - NÚMERO DE CHAMADA
Nº classificação 347.191
Cutter F375c
100 10 - ENTRADA PRINCIPAL -- AUTOR PESSOAL
Nome pessoal Ferrari, Paola Nery
245 ## - TÍTULO PRINCIPAL
Título principal Controle das organizações sociais /
Indicação de responsabilidade Paola Nery Ferrari, Regina Maria Macedo Nery Ferrari ; prefácio Romeu Felipe Bacellar Filho.
260 ## - PUBLICAÇÃO, DISTRIBUIÇÃO, ETC.
Local de publicação Belo Horizonte :
Editora Fórum,
Data 2007.
300 ## - DESCRIÇÃO FÍSICA
N. páginas ou volumes 170 p. ;
Dimensões 22 cm
504 ## - NOTA DE BIBLIOGRAFIA, ETC.
Nota de bibliografia Inclui bibliografia e índice.
650 ## - ASSUNTO TÓPICO
Cabeçalho tópico ou nome geográfico Organizações sociais
Subdivisão geográfica Brasil
650 ## - ASSUNTO TÓPICO
Cabeçalho tópico ou nome geográfico Administração pública
Subdivisão geográfica Brasil
650 ## - ASSUNTO TÓPICO
Cabeçalho tópico ou nome geográfico Terceiro setor
650 ## - ASSUNTO TÓPICO
Cabeçalho tópico ou nome geográfico Controle externo
650 ## - ASSUNTO TÓPICO
Cabeçalho tópico ou nome geográfico Controle interno
700 ## - ENTRADA SECUNDÁRIA -- NOME PESSOAL
Nome pessoal Ferrari, Regina Maria Macedo Nery
942 ## - ELEMENTOS DE ENTRADA ADICIONAIS (KOHA)
Fonte de classificação ou esquema de arquivamento Classificação Decimal Universal
Tipo de item do Koha Livros
Holdings
Estado: removido Estado: perdido Fonte de classificação ou esquema de arquivamento Estado: danificado Indisponível para empréstimo Localização permanente Localização atual Data de aquisição Total Checkouts Número de Chamada completo Código de barras Date last seen Número do exemplar Preço efetivo a partir de Tipo de item (Koha)
    Classificação Decimal Universal     Biblioteca da Escola Superior de Contas do TCE/MT Biblioteca da Escola Superior de Contas do TCE/MT 12/08/2019   347.191.1 F375c BIBTCEMT23110896 22/11/2023 Ex. 1 22/11/2023 Livros
    Classificação Decimal Universal     Biblioteca da Escola Superior de Contas do TCE/MT Biblioteca da Escola Superior de Contas do TCE/MT 12/08/2019   347.191.1 F375c BIBTCEMT23110897 22/11/2023 Ex. 2 22/11/2023 Livros
    Classificação Decimal Universal     Biblioteca da Escola Superior de Contas do TCE/MT Biblioteca da Escola Superior de Contas do TCE/MT 12/08/2019   347.191.1 F375c BIBTCEMT23110898 22/11/2023 Ex. 3 22/11/2023 Livros
    Classificação Decimal Universal     Biblioteca da Escola Superior de Contas do TCE/MT Biblioteca da Escola Superior de Contas do TCE/MT 27/11/2023   347.191.1 F375c BIBTCEMT23111128 27/11/2023 Ex. 4 27/11/2023 Livros

Powered by Koha